| 000 | 00760nam a2200253Ia 4500 | ||
|---|---|---|---|
| 001 | Para_2911 | ||
| 003 | CHAP | ||
| 008 | 220125s1987 xx 000 0 und d | ||
| 010 | _a199574 | ||
| 040 | _cCHAP | ||
| 090 | _aPA FOLLETO 2958 | ||
| 110 |
_aBayer de México. División Agricola _910997 |
||
| 245 |
_aVolaton : _b contra plagas del suelo y gusano cogollero / _c por Bayer de México |
||
| 260 |
_aMéxico, D. F. : _b Bayer |
||
| 300 | _ahoja desplegable | ||
| 650 |
_aPesticidas Insecticidas Control de plagas Gusano cogollero del maiz _9164786 |
||
| 901 | _aPA FOLLETO 2958 | ||
| 902 | _aA | ||
| 905 | _a0000001987 mx 0000000000 00 | ||
| 910 | _a1987 | ||
| 942 | _cPARA | ||
| 942 |
_cPARA _d1 |
||
| 999 |
_c199574 _d199574 |
||